00383nam a2200121Ia 4500008004100000082002000041100002300061245001700084260003900101300001000140630001800150650009300168211109s9999||||xx |||||||||||||| ||und|| a894.8123bRAM-K aRaman Nambishan, T 0aKeraleswaran bNATIONAL BOOKSTALLaKottayamc1978 a524p. xGeneral Stack aMalayalam Literaturevmalayalam FictionMalayalam NovelMalayalam Short StoriesxMalayalam